English reader for students in librarianship (Record no. 1038584)

MARC details
000 -LEADER
fixed length control field 00754nam a2200265Ia 4500
003 - CONTROL NUMBER IDENTIFIER
control field OSt
005 - DATE AND TIME OF LATEST TRANSACTION
control field 20221005120622.0
008 - FIXED-LENGTH DATA ELEMENTS--GENERAL INFORMATION
fixed length control field 221004b |||||||| |||| 00| 0 eng d
037 ## - SOURCE OF ACQUISITION
Terms of availability Textual
040 ## - CATALOGING SOURCE
Original cataloging agency CRL
Transcribing agency CRL
Language of cataloging eng
041 ## - LANGUAGE CODE
Source of code eng
Language code of text/sound track or separate title eng
100 ## - MAIN ENTRY--PERSONAL NAME
Personal name Firsov G G Ed.
9 (RLIN) 629408
245 #0 - TITLE STATEMENT
Title English reader for students in librarianship
Remainder of title With notes and glossary.
260 ## - PUBLICATION, DISTRIBUTION, ETC.
Date of publication, distribution, etc. 1961
300 ## - PHYSICAL DESCRIPTION
Extent 218p
Dimensions cm.
650 ## - SUBJECT ADDED ENTRY--TOPICAL TERM
Topical term or geographic name entry element LIBRARY SCIENCE
700 ## - ADDED ENTRY--PERSONAL NAME
Personal name Eidelman B Y Ed.
9 (RLIN) 629409
700 ## - ADDED ENTRY--PERSONAL NAME
Personal name Gudovshchikova I V Ed.
9 (RLIN) 629410
942 ## - ADDED ENTRY ELEMENTS (KOHA)
Classification part 2, K1
Koha item type Textual
Source of classification or shelving scheme
Holdings
Withdrawn status Lost status Damaged status Not for loan Home library Current library Date acquired Total Checkouts Full call number Barcode Date last seen Price effective from Koha item type
        Central Library Central Library 2022-10-05   2 K1 CL0266945 2022-10-05 2022-10-05 Textual
Copyright @ Delhi University Library System